Statistics for 名古屋市の行政区(地図付き)

Click here to take the quiz!

General Stats

  • This quiz has been taken 282 times
  • The average score is 13 of 16

Answers on the Map

Answers color-coded by a green-red scale on the quiz's map according to % correct below.
 

Answer Stats

Answer% Correct
中区
98%
北区
98%
東区
97%
南区
94%
西区
94%
港区
92%
中村区
84%
熱田区
76%
守山区
74%
千種区
72%
緑区
72%
名東区
66%
中川区
65%
天白区
60%
瑞穂区
59%
昭和区
52%

Score Distribution

Percentile by Number Answered

Percent of People with Each Score

Your Score History

You have not taken this quiz